[Event "EYCC 2024 - G18"]
[Site "?"]
[Date "2024.08.22"]
[Round "1.10"]
[White "Sichinava, Mariam"]
[Black "Kochavi, Dana"]
[Result "0-1"]
[BlackElo "2083"]
[WhiteElo "1856"]
[LiveChessVersion "1.4.8"]

1. d4 {[%clk 1:30:57]} Nf6 {[%clk 1:30:53]} 2. c4 {[%clk 1:31:23]} e6
{[%clk 1:31:20]} 3. Nf3 {[%clk 1:31:43]} Bb4+ {[%clk 1:31:47]} 4. Bd2
{[%clk 1:32:03]} Qe7 {[%clk 1:32:13]} 5. g3 {[%clk 1:32:08]} Nc6 {[%clk 1:32:39]}
6. Nc3 {[%clk 1:31:40]} Bxc3 {[%clk 1:23:42]} 7. Bxc3 {[%clk 1:31:18]} Ne4
{[%clk 1:24:04]} 8. Rc1 {[%clk 1:30:05]} d6 {[%clk 1:19:10]} 9. Bg2
{[%clk 1:28:12]} O-O {[%clk 1:17:51]} 10. O-O {[%clk 1:25:53]} Nxc3
{[%clk 1:16:20]} 11. Rxc3 {[%clk 1:25:33]} a5 {[%clk 1:08:55]} 12. e4
{[%clk 1:19:14]} e5 {[%clk 1:08:43]} 13. h3 {[%clk 1:14:16]} Bd7 {[%clk 1:02:11]}
14. Re1 {[%clk 1:07:32]} Rfd8 {[%clk 1:00:17]} 15. Rc1 {[%clk 1:00:05]} Qf6
{[%clk 0:56:10]} 16. d5 {[%clk 0:54:51]} Nb4 {[%clk 0:55:25]} 17. a3
{[%clk 0:45:42]} Na6 {[%clk 0:55:50]} 18. b3 {[%clk 0:45:18]} b6 {[%clk 0:52:03]}
19. Qc2 {[%clk 0:40:00]} Bxh3 {[%clk 0:50:22]} 20. Bxh3 {[%clk 0:34:46]} Qxf3
{[%clk 0:50:45]} 21. Re3 {[%clk 0:29:15]} Qf6 {[%clk 0:49:01]} 22. Qc3
{[%clk 0:23:09]} Nc5 {[%clk 0:43:31]} 23. Kg2 {[%clk 0:20:18]} a4
{[%clk 0:41:42]} 24. b4 {[%clk 0:20:11]} Nb3 {[%clk 0:42:07]} 25. Rf1
{[%clk 0:19:13]} Nd4 {[%clk 0:38:40]} 26. f4 {[%clk 0:12:48]} Qe7
{[%clk 0:38:34]} 27. Rd1 {[%clk 0:06:47]} Qf6 {[%clk 0:25:30]} 28. Red3
{[%clk 0:04:40]} c5 {[%clk 0:21:50]} 29. dxc6 {[%clk 0:02:27]} Nxc6
{[%clk 0:22:14]} 30. b5 {[%clk 0:02:21]} Na5 {[%clk 0:17:20]} 31. fxe5
{[%clk 0:01:36]} dxe5 {[%clk 0:17:25]} 32. Rxd8+ Rxd8 {[%clk 0:17:39]} 33. Qxe5
{[%clk 0:02:14]} Rf8 {[%clk 0:17:04]} 34. Qxf6 {[%clk 0:01:49]} gxf6
{[%clk 0:17:33]} 35. Rd4 {[%clk 0:00:42]} Re8 {[%clk 0:16:57]} 36. Bf5
{[%clk 0:00:42]} Re5 {[%clk 0:16:58]} 37. Rd6 {[%clk 0:00:33]} Nxc4
{[%clk 0:17:08]} 38. Rxf6 {[%clk 0:00:33]} Rxb5 {[%clk 0:15:29]} 39. Bd7
{[%clk 0:00:39]} Rb2+ {[%clk 0:15:49]} 40. Kh3 {[%clk 0:00:55]} b5
{[%clk 0:15:21]} 41. Be8 {[%clk 0:00:39]} Kf8 {[%clk 0:15:23]} 42. Bxf7
{[%clk 0:00:36]} Kg7 {[%clk 0:15:41]} 43. Rf1 {[%clk 0:00:48]} Nxa3
{[%clk 0:14:33]} 44. e5 {[%clk 0:01:00]} Nc4 {[%clk 0:14:07]} 45. Bxc4
{[%clk 0:00:47]} bxc4 {[%clk 0:14:31]} 46. e6 {[%clk 0:01:14]} Re2
{[%clk 0:14:44]} 47. Rf7+ {[%clk 0:00:34]} Kg6 {[%clk 0:14:39]} 48. Rf4
{[%clk 0:00:33]} Rxe6 {[%clk 0:15:03]} 49. Rxc4 {[%clk 0:01:00]} Ra6
{[%clk 0:14:19]} 50. Rc2 {[%clk 0:00:54]} a3 {[%clk 0:14:43]} 51. Ra2
{[%clk 0:01:22]} Kf5 {[%clk 0:15:09]} 52. Kh4 {[%clk 0:01:33]} Rh6#
{[%clk 0:15:27]} 0-1

[Event "EYCC 2024 - G18"]
[Site "?"]
[Date "2024.08.22"]
[Round "1.11"]
[White "Suarez Gomez, Paula"]
[Black "Skakun, Kateryna"]
[Result "0-1"]
[BlackElo "1854"]
[WhiteElo "2080"]
[LiveChessVersion "1.4.8"]

1. e4 {[%clk 1:30:58]} c5 {[%clk 1:30:51]} 2. Ne2 {[%clk 1:31:17]} g6
{[%clk 1:30:55]} 3. d4 {[%clk 1:28:41]} Bg7 {[%clk 1:27:58]} 4. c4
{[%clk 1:24:47]} cxd4 {[%clk 1:26:59]} 5. Nxd4 {[%clk 1:25:10]} Nc6
{[%clk 1:27:08]} 6. Be3 {[%clk 1:25:09]} d6 {[%clk 1:26:06]} 7. Nc3
{[%clk 1:24:15]} Nf6 {[%clk 1:25:43]} 8. Be2 {[%clk 1:24:30]} O-O
{[%clk 1:25:17]} 9. O-O {[%clk 1:24:29]} Ne5 {[%clk 1:19:31]} 10. h3
{[%clk 1:23:53]} a6 {[%clk 1:05:34]} 11. Rc1 {[%clk 1:10:15]} Re8
{[%clk 1:03:23]} 12. Qc2 {[%clk 1:06:05]} Bd7 {[%clk 0:54:50]} 13. Rfd1
{[%clk 1:00:47]} Qc7 {[%clk 0:53:50]} 14. b3 {[%clk 1:00:36]} Rac8
{[%clk 0:49:30]} 15. Qb1 {[%clk 0:54:24]} Qb8 {[%clk 0:45:51]} 16. a4
{[%clk 0:40:46]} Nc6 {[%clk 0:41:38]} 17. Nf3 {[%clk 0:37:57]} Be6
{[%clk 0:36:13]} 18. Ne1 {[%clk 0:26:56]} Nd7 {[%clk 0:35:40]} 19. f4
{[%clk 0:26:45]} f5 {[%clk 0:33:03]} 20. g4 {[%clk 0:24:02]} Rf8 {[%clk 0:25:35]}
21. exf5 {[%clk 0:20:54]} gxf5 {[%clk 0:25:52]} 22. g5 {[%clk 0:20:50]} Nc5
{[%clk 0:24:11]} 23. Nf3 {[%clk 0:19:08]} Nb4 {[%clk 0:11:21]} 24. Nd4
{[%clk 0:09:22]} Bd7 {[%clk 0:07:10]} 25. Nd5 {[%clk 0:08:10]} Nxd5
{[%clk 0:07:31]} 26. cxd5 {[%clk 0:08:33]} Ne4 {[%clk 0:07:33]} 27. Qd3
{[%clk 0:06:47]} Nc5 {[%clk 0:04:39]} 28. Qb1 {[%clk 0:04:38]} Ne4
{[%clk 0:04:58]} 29. Rd3 {[%clk 0:02:59]} Rxc1+ {[%clk 0:04:50]} 30. Bxc1
{[%clk 0:01:58]} Rc8 {[%clk 0:03:46]} 31. Bb2 {[%clk 0:02:03]} Qa7
{[%clk 0:03:23]} 32. Kg2 {[%clk 0:01:18]} Qc5 {[%clk 0:01:00]} 33. Qa1
{[%clk 0:00:41]} e5 {[%clk 0:00:34]} 34. dxe6 {[%clk 0:00:50]} Bc6
{[%clk 0:00:52]} 35. Bf3 {[%clk 0:00:46]} Bxd4 {[%clk 0:00:35]} 36. Bxd4
{[%clk 0:00:34]} Qc2+ {[%clk 0:00:57]} 37. Kg1 {[%clk 0:00:46]} Qxd3
{[%clk 0:00:54]} 38. Bh8 {[%clk 0:00:55]} Qe3+ {[%clk 0:01:06]} 39. Kh2
{[%clk 0:01:13]} Qf2+ {[%clk 0:00:52]} 40. Bg2 {[%clk 0:01:37]} Qxf4+
{[%clk 0:00:42]} 41. Kg1 {[%clk 0:01:14]} Qf2+ {[%clk 0:00:59]} 42. Kh2
{[%clk 0:01:39]} Nc3 {[%clk 0:00:56]} 0-1

[Event "EYCC 2024 - G18"]
[Site "?"]
[Date "2024.08.22"]
[Round "1.12"]
[White "Trasakova, Adela"]
[Black "Mihaljevic, Eva"]
[Result "1-0"]
[BlackElo "2058"]
[WhiteElo "1853"]
[LiveChessVersion "1.4.8"]

1. d4 {[%clk 1:30:56]} d5 {[%clk 1:30:52]} 2. Nf3 {[%clk 1:31:23]} Nf6
{[%clk 1:31:13]} 3. g3 {[%clk 1:31:51]} e6 {[%clk 1:31:33]} 4. Bg2
{[%clk 1:32:18]} Be7 {[%clk 1:31:54]} 5. O-O {[%clk 1:32:45]} O-O
{[%clk 1:32:16]} 6. c4 {[%clk 1:33:10]} a5 {[%clk 1:32:21]} 7. Qc2
{[%clk 1:29:50]} c6 {[%clk 1:32:24]} 8. Nbd2 {[%clk 1:27:45]} b6 {[%clk 1:31:41]}
9. e4 {[%clk 1:25:24]} Bb7 {[%clk 1:30:09]} 10. Rd1 {[%clk 1:16:15]} Na6
{[%clk 1:27:25]} 11. a3 {[%clk 1:13:02]} Rc8 {[%clk 1:22:52]} 12. e5
{[%clk 1:06:28]} Nd7 {[%clk 1:23:01]} 13. cxd5 {[%clk 1:06:06]} cxd5
{[%clk 1:22:11]} 14. Qb1 {[%clk 1:05:07]} b5 {[%clk 1:08:24]} 15. Nf1
{[%clk 0:56:11]} Nb6 {[%clk 1:01:21]} 16. h4 {[%clk 0:53:29]} Qc7
{[%clk 0:53:12]} 17. Ne3 {[%clk 0:48:20]} Nc4 {[%clk 0:40:17]} 18. Ng4
{[%clk 0:45:39]} b4 {[%clk 0:28:52]} 19. axb4 {[%clk 0:34:17]} axb4
{[%clk 0:27:56]} 20. Ng5 {[%clk 0:28:13]} Bxg5 {[%clk 0:26:24]} 21. Bxg5
{[%clk 0:27:40]} Na5 {[%clk 0:22:39]} 22. Rc1 {[%clk 0:20:31]} Qb6
{[%clk 0:22:28]} 23. Qd3 {[%clk 0:19:32]} Rc4 {[%clk 0:16:06]} 24. Qf3
{[%clk 0:04:21]} Rfc8 {[%clk 0:03:40]} 25. Nh6+ {[%clk 0:01:24]} gxh6
{[%clk 0:03:44]} 26. Bxh6 {[%clk 0:01:45]} Rxc1+ {[%clk 0:02:57]} 27. Rxc1
{[%clk 0:01:48]} Rxc1+ {[%clk 0:02:21]} 28. Bxc1 {[%clk 0:01:08]} Qxd4
{[%clk 0:01:51]} 29. Qf6 {[%clk 0:00:46]} Qd1+ {[%clk 0:00:51]} 30. Kh2
{[%clk 0:01:05]} Nc6 {[%clk 0:00:33]} 31. Bf3 {[%clk 0:00:41]} Qd4
{[%clk 0:00:31]} 32. Bh5 {[%clk 0:00:46]} Nxe5 {[%clk 0:00:49]} 33. Bxf7+
{[%clk 0:00:39]} Nxf7 {[%clk 0:00:58]} 34. Qxd4 {[%clk 0:01:03]} e5
{[%clk 0:01:12]} 35. Qb6 {[%clk 0:01:01]} Bc8 {[%clk 0:01:29]} 36. Qc6
{[%clk 0:01:05]} 1-0